000 01187nam a2200385 a 4500
001 000036039
003 DO-SdBNP
005 20171113094558.0
007 000036039
008 111124s20uu sp a 001 0 spa d
020 _a848236023x (colección)
020 _a8482360248
040 _aBPMSU
_bspa
_cBPMSU
050 _aInventariado extranjero / 2017 VM
082 4 _a750
_bT255b
245 0 0 _aTécnicas básicas de bodegones /
_ceditor Rachel Wolf
260 _aBarcelona :
_bIdea Books,
_c[200?].
300 _a119 p. :
_bil. ;
_c30 cm.
490 1 _aCurso básico de técnicas de dibujo y pintura
500 _aIncluye índice.
505 0 _gTécnicas básicas de bodegones --
_rRachel Wolf.
650 4 _aDIBUJO
_xTÉNICA
650 4 _aPINTURA AL ÓLEO
651 _xTécnica.
700 1 2 _aWolf, Rachel,
_eed.
830 0 _pCurso básico de técnicas de dibujo y pintura
910 _aValidado. Control de calidad MFF
930 1 _l
_m
_8
_f
_p
_g
942 _2ddc
_cBK
945 _aInventariado extranjero / 2017 VM
956 _a
_b
_c
_l
_h
956 _a
_b
_c
_l
_h
956 _a
_b
_c
_l
_h
956 _aVMATEO
_b10
_c20150929
_lBPMSU
_h00151
999 _c8303
_d8303